Pharmaceutical Compounding and Dispensing (Record no. 6144)
[ view plain ]
| 000 -LEADER | |
|---|---|
| fixed length control field | 00616nam a22002057a 4500 |
| 003 - CONTROL NUMBER IDENTIFIER | |
| control field | OSt |
| 005 - DATE AND TIME OF LATEST TRANSACTION | |
| control field | 20181002165037.0 |
| 008 - FIXED-LENGTH DATA ELEMENTS--GENERAL INFORMATION | |
| fixed length control field | 181002b xxu||||| |||| 00| 0 eng d |
| 020 ## - INTERNATIONAL STANDARD BOOK NUMBER | |
| International Standard Book Number | 9780853697008 |
| 040 ## - CATALOGING SOURCE | |
| Transcribing agency | DNLM |
| 050 ## - LIBRARY OF CONGRESS CALL NUMBER | |
| Item number | QV373 J71p 2008 |
| 100 ## - MAIN ENTRY--PERSONAL NAME | |
| Personal name | Langley, Chrisopher A.; Belcher, Dawn. |
| 9 (RLIN) | 5839 |
| 245 ## - TITLE STATEMENT | |
| Title | Pharmaceutical Compounding and Dispensing |
| 260 ## - PUBLICATION, DISTRIBUTION, ETC. (IMPRINT) | |
| Place of publication, distribution, etc. | London; Pharmaceutical Press, 2008 |
| 300 ## - PHYSICAL DESCRIPTION | |
| Extent | ix,214p; ill: 24cm |
| 504 ## - BIBLIOGRAPHY, ETC. NOTE | |
| Bibliography, etc | Appendices,& index included |
| 650 ## - SUBJECT ADDED ENTRY--TOPICAL TERM | |
| Topical term or geographic name as entry element | . Pharmaceutical compounding |
| 9 (RLIN) | 12695 |
| 650 ## - SUBJECT ADDED ENTRY--TOPICAL TERM | |
| Topical term or geographic name as entry element | . Pharmaceutical dispensing |
| 9 (RLIN) | 12696 |
| 942 ## - ADDED ENTRY ELEMENTS (KOHA) | |
| Source of classification or shelving scheme | Other/Generic Classification Scheme |
| Koha item type | Short Loan |
| Withdrawn status | Lost status | Source of classification or shelving scheme | Damaged status | Not for loan | Home library | Current library | Date acquired | Source of acquisition | Inventory number | Total Checkouts | Full call number | Barcode | Date last seen | Koha item type |
|---|---|---|---|---|---|---|---|---|---|---|---|---|---|---|
| Other/Generic Classification Scheme | Pharmacy Department Library | Pharmacy Department Library | 02/10/2018 | 11/00262 | QV373 J71p 2008 | 2018-0345 | 02/10/2018 | Short Loan | ||||||
| Other/Generic Classification Scheme | Pharmacy Department Library | Pharmacy Department Library | 02/10/2018 | 12/00387 | QV373 J71p 2008 | 2018-0346 | 02/10/2018 | Short Loan | ||||||
| Other/Generic Classification Scheme | Pharmacy Department Library | Pharmacy Department Library | 02/10/2018 | 11/0099 | QV373 J71p 2008 | 2018-0350 | 02/10/2018 | Short Loan |
